000 00723nam a22001937a 4500
005 20140908104224.0
010 _aENG-110765
020 _a9788183876162
_c495.00
035 _aEN-94297
037 _bDBAD/PUB
082 _a333.954160954162
100 _aDas, Brajen
245 _aEconomics of wildlife conservation and protected area tourism :
_c by Brajen Das
_bapplication of TCM and CVM to Manas National Park of Assam /
260 _aNew Delhi
_bSerials Publications
_c2014
270 _a4830/24, Prahlad street, Ansari Road, Darya Ganj
_bNew Delhi
_e110002
300 _axii,124p.
_c22cm(Hb)
500 _aIncludes bibliographical references and index
942 _2ddc
_cEN
_h333.954160954162
_mDAS
999 _c88362
_d88362